| 000 | 00576nam a22001457a 4500 | ||
|---|---|---|---|
| 999 |
_c534735 _d534735 |
||
| 020 | _qHard Cover. | ||
| 100 | _aMahmood, Mariam | ||
| 245 |
_aModelling, Simulation and Fabrication of a Hybrid Solar Dryer for the Drying of Medicinal and Aromatic Plants (MAPs): _bA Case Study Khyber Paktunkhwa KPK), Pakistan. |
||
| 260 |
_aIslamabad: _bUSPCAS-E - NUST, _c2014. |
||
| 300 |
_a11 p. : _bill. ; _c30cm. |
||
| 942 |
_2ddc _cTHE |
||
| 650 |
_aEnergy System Engineering MS-Thesis. _928868 |
||
| 700 |
_aDR. Parvez Akhtar _929068 |
||